Statistiken für Die 10 größten Wale

Klicken Sie hier um das Quiz zu spielen!

Allgemein

  • Dieses Quiz wurde 194 mal gespielt
  • Das Durchschnittsergebnis liegt bei 3 aus 10

Antwortstatistiken

HintAntwort% Korrekt
126-33mBlauwal
100%
320mPottwal
58%
220-27mFinnwal
44%
1012-15mBuckelwal
29%
518mGrönlandwal
20%
913-15mGrauwal
16%
418,5mPazifische Nordkaper
12%
812-16mSeiwal
9%
718mSüdkaper
6%
718mAtlantische Nordkaper
5%

Verteilung der Resultate

Perzentil nach korrekt beantworteten Fragen

Anzahl Personen mit jedem Resultat

Ihre Resultats-Entwicklung

Sie haben dieses Quiz noch nicht gespielt